Hướng dẫn sử dụng Crystal Report 9 Enterprise

Guardado en:
Detalles Bibliográficos
Autor principal: Comer, Douglas E.
Formato: Libro
Lenguaje:Undetermined
Publicado: Hà Nội Thống kê 2003
Materias:
Etiquetas: Agregar Etiqueta
Sin Etiquetas, Sea el primero en etiquetar este registro!
Thư viện lưu trữ: Trung tâm Học liệu Trường Đại học Cần Thơ
LEADER 00619nam a2200193Ia 4500
001 CTU_90979
008 210402s9999 xx 000 0 und d
020 |c 38000 
082 |a 005.43769 
082 |b C732 
100 |a Comer, Douglas E. 
245 0 |a Hướng dẫn sử dụng Crystal Report 9 Enterprise 
245 0 |c Douglas E. Comer ; Bùi Xuân Toại, Trương Gia Việt dịch 
260 |a Hà Nội 
260 |b Thống kê 
260 |c 2003 
650 |a Crystal report 9 enterprise (Computer programs) 
904 |i Năm 
980 |a Trung tâm Học liệu Trường Đại học Cần Thơ